01302nam a2200337 i 4500003001000000005001700010007000300027008004100030020001800071040003500089041000800124082002100132082001700153100004700170245013800217250002200355264005300377300002500430336002700455337003300482338002800515490001100543521005300554545006000607650004800667650005700715700003500772942001200807999001500819952013000834CO-BoRNBP20220317000249.0ta201029s2011 ck jr 000 0cspa d a9789583037948 aCO-BoRNBPbspaerdacCO-BoRNBP0 aspa04a920.72bJ17h22204a305.4 bJ17h1 aJaramillo, María Mercedesd1949-eautora10aHijas del Muntubbiografías críticas de mujeres afrodescendientes de América LatinacMaría Mercedes Jaramillo y Lucía Ortiz aPrimera edición 1aBogotá, ColombiabPanamericana Editorialc2011 a643 páginasc22 cm atextobtxt2rdacontent asin mediaciónbn2rdamedia avolumenbnc2rdacarrier0 aEnsayo aRecomendado para un público mayor de 15 años aIncluye datos biográficos de las autoras en la solapa17aMujeres negrasvBiografíasvEnsayos2LEMB17aTrabajo de la mujerzAmérica LatinavEnsayos2LEMB1 aOrtiz, Lucía eautora911807 2ddccBK c3558d3558 00102ddc40708GENaMELAJULIbMELAJULIcGENd2026-02-23l0o305.4 J17hpJUL00206r2026-02-23 18:54:19tEj.1w2026-02-23yBK